• 首页
  • 本馆介绍
  • 公告通知
  • 最新文献
  • 馆藏检索
  • 电子资源
  • 读者导购
  • 参考咨询
  • 我的图书馆
  • 登录
  • 详细信息显示
  • 放入我的书架
  • 预约/预借图书
  • 作者相关作品
  • 分类相关作品
  • 丛书相关作品
  • 出版社相关作品

书目信息

  • 表格格式
  • 工作单格式
  • 卡片格式
题名:
30天通过全国计算机等级考试
    
 
作者: 符春 , 孙鸿飞 主编
分册:   二级Visual FoxPro
出版信息: 北京   电子工业出版社  2011
页数: 11,316页
开本: 26cm
丛书名: 全国计算机等级考试专用辅导丛书
单 册:
中图分类: TP3 , TP311.138FO , TP311.132.3
科图分类:
主题词: 电子计算机--等级考试--自学参考资料 , 关系数据库--数据库管理系统--程序设计--等级考试--自学参考资料 , 关系数据库 , 程序设计 , 数据库管理系统 , 等级考试 , 软件
电子资源:
ISBN: 978-7-121-12006-0
000 01384nam0 2200385 450
001 1234123589
005 20121225093016.01
010    @a978-7-121-12006-0@dCNY39.80
090    @aTP3@bfc
096    @aTP3@bfc
100    @a20110520d2011 em y0chiy50 ea
101 0  @achi
102    @aCN@b110000
105    @ay z 000yy
106    @ar
200 1  @a30天通过全国计算机等级考试@i二级Visual FoxPro@b专著@f符春,孙鸿飞主编@A30 tian tong guo quan guo ji suan ji deng ji kao shi
210    @a北京@c电子工业出版社@d2011
215    @a11,316页@d26cm@e1光盘
225 1  @a全国计算机等级考试专用辅导丛书
307    @a附光盘:ISBN 978-7-89464-737-5
330    @a本书主要内容包括应试指南,考点分析与同步训练,5套笔试全真模拟试卷及解析,机试指导,5套机试全真模拟试卷及解析,2009年上半年、2009年下半年、2010年上半年、2010年下半年的真题及解析。
606 0  @a电子计算机@x等级考试@j自学参考资料
606 0  @a关系数据库@x数据库管理系统@x程序设计@x等级考试@j自学参考资料
606 0  @a关系数据库
606 0  @a程序设计
606 0  @a数据库管理系统
606 0  @a等级考试
606 0  @a软件
690    @aTP3@v4
690    @aTP311.138FO@v4
690    @aTP311.132.3@v4
701  0 @a符春@4主编@Afu chun
701  0 @a孙鸿飞@c(计算机)@4主编@Asun hong fei
801  0 @aCN@b大连网信软件有限公司图书馆·11@c20121225
905    @aZUCC@dTP311.132.3@e834
    
    30天通过全国计算机等级考试.二级Visual FoxPro/符春,孙鸿飞主编.-北京:电子工业出版社,2011
    11,316页;26cm+1光盘 .-(全国计算机等级考试专用辅导丛书 )
    
    
    ISBN 978-7-121-12006-0:CNY39.80
    本书主要内容包括应试指南,考点分析与同步训练,5套笔试全真模拟试卷及解析,机试指导,5套机试全真模拟试卷及解析,2009年上半年、2009年下半年、2010年上半年、2010年下半年的真题及解析。
●
相关链接 在E读中查询图书 在五车中查询图书 在当当中查询图书 在豆瓣中查询图书


正题名:30天通过全国计算机等级考试     索取号:TP311.132.3/834         预约/预借

序号 登录号 条形码 馆藏地/架位号 状态 备注
1 0625585   206255853   第二样本阅览室/ [索取号:TP311.132.3/834] 在馆    
2 0625586   206255862   第三借阅区/ [索取号:TP311.132.3/834] 在馆    
3 0625587   206255871   第三借阅区/ [索取号:TP311.132.3/834] 在馆    
4 0625588   206255880   第三借阅区/ [索取号:TP311.132.3/834] 在馆    
5 0625589   206255899   第三借阅区/ [索取号:TP311.132.3/834] 在馆    
唐山师范学院图书馆 欢迎您!
大连网信软件有限公司© 版权所有